[Event "Regionalliga NW 0809"]
[Site "Bayern"]
[Date "2008.11.30"]
[Round "3.3"]
[White "Denk, Stefan"]
[Black "Kraich, Klaus"]
[Result "1/2-1/2"]
[WhiteElo "1946"]
[BlackElo "2100"]
[PlyCount "36"]
[EventDate "2008.10.05"]
[EventType "team-tourn"]
[EventRounds "9"]
[EventCountry "GER"]
[SourceTitle "EXT 2020"]
[Source "ChessBase"]
[SourceDate "2019.10.17"]
[SourceVersion "1"]
[SourceVersionDate "2019.10.17"]
[SourceQuality "1"]
[WhiteTeam "Bamberg SC II"]
[BlackTeam "Klingenberg"]
[WhiteTeamCountry "GER"]
[BlackTeamCountry "GER"]

1. c4 e5 2. Nc3 Nf6 3. d3 d5 4. cxd5 Nxd5 5. e4 Nf6 6. Nf3 Nc6 7. Be2 Bg4 8. 0-0 Qd7 9. Be3 Bxf3 10. Bxf3 Rd8 11. Nd5 Be7 12. d4 exd4 13. Bxd4 Nxd4 14. Qxd4 c6 15. Nxf6+ Bxf6 16. Qxa7 0-0 17. Rad1 Bd4 18. Qa4 c5 1/2-1/2

[Event "Regionalliga NW 0607"]
[Site "Bayern"]
[Date "2006.12.10"]
[Round "4.7"]
[White "Kinkelin, Ulrich"]
[Black "Denk, Stefan"]
[Result "1/2-1/2"]
[WhiteElo "1896"]
[BlackElo "1936"]
[PlyCount "67"]
[EventDate "2006.10.15"]
[EventType "team-tourn"]
[EventRounds "9"]
[EventCountry "GER"]
[SourceTitle "EXT 2008"]
[Source "ChessBase"]
[SourceDate "2007.11.25"]
[SourceVersion "1"]
[SourceVersionDate "2007.11.25"]
[SourceQuality "1"]
[WhiteTeam "Wuerzburg II"]
[BlackTeam "Bamberg II"]
[WhiteTeamCountry "GER"]
[BlackTeamCountry "GER"]

1. e4 c5 2. Nf3 d6 3. g3 Nc6 4. Bg2 Nf6 5. d3 g6 6. c3 Bg7 7. 0-0 0-0 8. h3 e5 9. Be3 Be6 10. d4 cxd4 11. cxd4 exd4 12. Nxd4 d5 13. Nc3 Nxd4 14. Bxd4 dxe4 15. Nxe4 Nxe4 16. Bxg7 Kxg7 17. Bxe4 Bxh3 18. Bxb7 Rb8 19. Bg2 Bxg2 20. Kxg2 Qxd1 21. Rfxd1 Rxb2 22. Rd7 Re8 23. Rxa7 Ree2 24. Rf1 Rxa2 25. Rxa2 Rxa2 26. Rc1 Ra7 27. Rc4 f5 28. Rc5 Rf7 29. Kf3 g5 30. Rc4 Kg6 31. Rc6+ Rf6 32. Rc4 Re6 33. Rb4 Rf6 34. Rc4 1/2-1/2

[Event "Landesliga Nord 0203"]
[Site "Bayern"]
[Date "2003.03.30"]
[Round "9.7"]
[White "Denk, Stefan"]
[Black "Elbert, Gebhard"]
[Result "0-1"]
[WhiteElo "1954"]
[BlackElo "1854"]
[PlyCount "156"]
[EventDate "2002.10.20"]
[EventType "team-tourn"]
[EventRounds "9"]
[EventCountry "GER"]
[SourceTitle "EXT 2004"]
[Source "ChessBase"]
[SourceDate "2003.11.25"]
[SourceVersion "1"]
[SourceVersionDate "2003.11.25"]
[SourceQuality "1"]
[WhiteTeam "Bamberg II"]
[BlackTeam "Sailauf"]
[WhiteTeamCountry "GER"]
[BlackTeamCountry "GER"]

1. c4 c6 2. g3 d5 3. Bg2 g6 4. Qb3 Nf6 5. Nc3 dxc4 6. Qxc4 Nbd7 7. d4 Nb6 8. Qd3 Be6 9. e4 Bg7 10. Nf3 0-0 11. b3 c5 12. Be3 Ng4 13. 0-0 Nxe3 14. fxe3 Rc8 15. d5 c4 16. bxc4 Nxc4 17. Nd4 Bg4 18. Rac1 a6 19. h3 Bd7 20. Nce2 b5 21. h4 Qb6 22. Kh1 Bg4 23. Rce1 Qa5 24. Nc6 Qc7 25. Nf4 Ne5 26. Nxe5 Bxe5 27. Qa3 Qa7 28. Rc1 Rc4 29. Rxc4 bxc4 30. Rc1 c3 31. Rxc3 Bxc3 32. Qxc3 Rc8 33. Qe5 Qxe3 34. Kh2 Rc1 35. Qb8+ Bc8 36. Nh3 Qd4 37. Qf4 Rb1 38. h5 Bxh3 39. Kxh3 Qg7 40. Bf3 h6 41. e5 gxh5 42. d6 exd6 43. exd6 Rb8 44. d7 Rd8 45. Qd6 Qg5 46. Bc6 Qg4+ 47. Kh2 Qe2+ 48. Kh1 Qe6 49. Qc7 Qf6 50. a4 h4 51. Kg2 hxg3 52. Kxg3 Kh8 53. Bf3 Qg5+ 54. Kh3 h5 55. Qc3+ Kh7 56. Qd3+ f5 57. Qd5 Rg8 58. Qe5 h4 59. Qc7 Qg3+ 60. Qxg3 hxg3 61. Bb7 a5 62. Bd5 Rd8 63. Kxg3 Kg6 64. Bc6 Kf6 65. Kf4 Rh8 66. Bb5 Rh4+ 67. Kf3 Rd4 68. Ke3 Ke5 69. Kf3 Ke6 70. Ke3 Rxd7 71. Bxd7+ Kxd7 72. Kf3 Ke6 73. Ke3 Ke5 74. Kf3 Kd5 75. Kf4 Kc4 76. Kxf5 Kb4 77. Ke4 Kxa4 78. Kd3 Kb3 0-1

[Event "Landesliga Nord 0203"]
[Site "Bayern"]
[Date "2003.02.09"]
[Round "6.6"]
[White "Denk, Stefan"]
[Black "Helbig, Uwe"]
[Result "1/2-1/2"]
[WhiteElo "1954"]
[BlackElo "2157"]
[PlyCount "74"]
[EventDate "2002.10.20"]
[EventType "team-tourn"]
[EventRounds "9"]
[EventCountry "GER"]
[SourceTitle "EXT 2004"]
[Source "ChessBase"]
[SourceDate "2003.11.25"]
[SourceVersion "1"]
[SourceVersionDate "2003.11.25"]
[SourceQuality "1"]
[WhiteTeam "Bamberg II"]
[BlackTeam "Bindlach II"]
[WhiteTeamCountry "GER"]
[BlackTeamCountry "GER"]

1. c4 e5 2. Nc3 Nc6 3. e4 Bc5 4. Nf3 d6 5. a3 a5 6. d3 Bg4 7. Be2 h6 8. 0-0 Nf6 9. Be3 0-0 10. Rb1 Re8 11. Nd5 Bxf3 12. Bxf3 Nxd5 13. cxd5 Nd4 14. b4 axb4 15. axb4 Bb6 16. Bxd4 Bxd4 17. Qc2 Ra3 18. Rb3 Ra7 19. Rc1 Re7 20. Rbb1 Qa8 21. Qc4 Ra3 22. Rc2 Qa7 23. Bg4 Bb6 24. Rf1 Re8 25. g3 Ra8 26. Kg2 Qa4 27. Rb1 g6 28. h4 Rf8 29. h5 Ra8 30. hxg6 fxg6 31. Re2 Ra1 32. Qc1 Rxb1 33. Qxh6 Kf7 34. Be6+ Kf6 35. Qh4+ Kg7 36. Qe7+ Kh6 37. Qh4+ Kg7 1/2-1/2

[Event "Regionalliga NW 9697"]
[Site "Bayern"]
[Date "1996.??.??"]
[Round "?"]
[White "Denk, Stefan"]
[Black "Heinz, Juergen"]
[Result "0-1"]
[WhiteElo "1825"]
[BlackElo "2225"]
[PlyCount "40"]
[EventDate "1996.10.??"]
[EventType "team-tourn"]
[EventRounds "9"]
[EventCountry "GER"]
[SourceTitle "EXT 1999"]
[Source "ChessBase"]
[SourceDate "1998.11.16"]
[SourceVersion "1"]
[SourceVersionDate "1998.11.16"]
[SourceQuality "1"]
[WhiteTeam "Bamberg SC III"]
[BlackTeam "Hof SK II"]
[WhiteTeamCountry "GER"]
[BlackTeamCountry "GER"]

1. d4 Nf6 2. c4 c5 3. Nf3 cxd4 4. Nxd4 e5 5. Nb5 d5 6. e3 a6 7. N5a3 d4 8. Be2 Nc6 9. 0-0 Bd6 10. exd4 exd4 11. Nc2 0-0 12. Bg5 Bf5 13. Bd3 Bxd3 14. Qxd3 Bxh2+ 15. Kh1 Bc7 16. Nd2 Qd6 17. Nf3 Rad8 18. g3 Ne5 19. Nxe5 Qxe5 20. Bf4 Qh5+ 0-1